عرض عادي عرض مارك
  • عبد الحميد، طلعت أسعد

مدخل إسم شخص

عدد التسجيلات المستخدمة في: 5

001 - رقم الضبط

  • حقل الضبط: 21

003 - معرف رقم الضبط

  • حقل الضبط: OSt

005 - تاريخ ووقت أخر عملية

  • حقل الضبط: 20110530034217.0

008 - عناصر بيانات ثابتة الطول

  • حقل تحكم ثابت الطول: 110530|||a|||||| | ||| d

040 ## - مصدر الفهرسة

  • هيئة الفهرسة الأصلية: OSt
  • وكالة الكتابة: OSt

100 ## - مدخل -- أسم شخص

  • إسم شخص: عبد الحميد، طلعت أسعد
  • مصطلح الرابط: معرب.

670 ## - بيانات المصدر موجوده

  • الاستشهاد بالمصدر: Work cat.: (OSt)8263: مارتن، كارلي, مفاتيح النجاح :, 2010